Determinación de la degradación de contaminantes orgánicos y nitrogenados, en la planta procesadora lácteos Masigüito R.L, Camoapa, Boaco
El objetivo general de la investigación fue determinar la degradación de contaminantes orgánicos y nitrogenados en la planta de tratamiento de aguas residuales industriales lácteas de Masigüito R.L.
| Main Authors: | , |
|---|---|
| Other Authors: | |
| Format: | Tesis Section = Libro |
| Language: | Undetermined Spanish |
| Published: |
Managua
UNI
2021
|
| Subjects: |
| LEADER | 01160nam a2200289Ia 4500 | ||
|---|---|---|---|
| 008 | 240830s9999 xx 000 0 und d | ||
| 040 | |a BIBLIOTECA-RUPAP/ Mon 628.5 S217 | ||
| 041 | |a spa | ||
| 082 | |a Mon 628.5 S217 | ||
| 100 | 1 | |a Sándigo Suárez, Aricel María | |
| 100 | 1 | |b Díaz Arróliga, Jarek Francisco | |
| 245 | 1 | 0 | |a Determinación de la degradación de contaminantes orgánicos y nitrogenados, en la planta procesadora lácteos Masigüito R.L, Camoapa, Boaco |
| 260 | |a Managua |b UNI |c 2021 | ||
| 300 | |a 110 p.:il. | ||
| 500 | |a Contiene: anexos y CD. | ||
| 502 | |a Tesis (Ingeniero Civil)- UNI, 2021. | ||
| 520 | 3 | |a El objetivo general de la investigación fue determinar la degradación de contaminantes orgánicos y nitrogenados en la planta de tratamiento de aguas residuales industriales lácteas de Masigüito R.L. | |
| 650 | 7 | |a CONTAMINACION | |
| 650 | 7 | |b AGUAS RESIDUALES INDUSTRIALES | |
| 650 | 7 | |c BIODEGRADACION | |
| 650 | 7 | |d MATERIA ORGANICA | |
| 650 | 7 | |e BATIMETRIA | |
| 650 | 7 | |f CONTAMINACION AMBIENTAL | |
| 700 | 1 | |a Tutor: |b Vílchez Pérez, Henry Javier | |
| 942 | |c BK |2 ddc | ||
| 991 | |a TESIS | ||
| 999 | |c 19022 | ||